La economía latinoamericana : (Registro nro. 3403)
[ vista simple ]
| 000 -LEADER | |
|---|---|
| fixed length control field | 01495nam a2200301Ia 4500 |
| 003 - CONTROL NUMBER IDENTIFIER | |
| control field | OSt |
| 005 - DATE AND TIME OF LATEST TRANSACTION | |
| control field | 20200707151851.0 |
| 008 - FIXED-LENGTH DATA ELEMENTS--GENERAL INFORMATION | |
| fixed length control field | 191128s1978 mx gr 001 0 spa d |
| 020 ## - INTERNATIONAL STANDARD BOOK NUMBER | |
| International Standard Book Number | 9682300410 |
| 040 ## - CATALOGING SOURCE | |
| Original cataloging agency | CO-JMCR |
| Transcribing agency | CO-JMCR |
| 041 0# - LANGUAGE CODE | |
| Language code of text/sound track or separate title | spa |
| 082 04 - DEWEY DECIMAL CLASSIFICATION NUMBER | |
| Classification number | 330.98 / |
| Item number | F992e |
| Edition number | 23 |
| 100 1# - MAIN ENTRY--PERSONAL NAME | |
| Personal name | Furtado, Celso, |
| Relator term | autor |
| 9 (RLIN) | 6798 |
| 245 13 - TITLE STATEMENT | |
| Title | La economía latinoamericana : |
| Remainder of title | formación historica y problemas contemporáneos / |
| Statement of responsibility, etc. | Celso Furtado ; traducción Angélica Smit, Stella Mastrangelo |
| 250 ## - EDITION STATEMENT | |
| Edition statement | Decimoprimera edición |
| 260 ## - PUBLICATION, DISTRIBUTION, ETC. | |
| Place of publication, distribution, etc. | México : |
| Name of publisher, distributor, etc. | Siglo XXI, |
| Date of publication, distribution, etc. | 1978 |
| 300 ## - PHYSICAL DESCRIPTION | |
| Extent | 362 páginas ; |
| Dimensions | 21 cm. |
| 490 0# - SERIES STATEMENT | |
| Series statement | Economía y demografía |
| 500 ## - GENERAL NOTE | |
| General note | Índice análitoco y Índice de cuadros. |
| 505 0# - FORMATTED CONTENTS NOTE | |
| Formatted contents note | De la conquista a la formación de los estados nacionales -- Iserción en el sistema de división internacional del trabajo -- El cuadro de las estructuras tradicionales -- Caracteristicas del proceso de industrialización |
| 520 0# - SUMMARY, ETC. | |
| Summary, etc. | El análisis del desarrollo de cualquier economía nacional latinoamericana requiere su inserción en el cuadro regional, del mismo modo que exige una nítida percepción del conportamiento de los polos dinámicos de la economía mundial. |
| 650 14 - SUBJECT ADDED ENTRY--TOPICAL TERM | |
| Topical term or geographic name entry element | Economía latinoamericana |
| 9 (RLIN) | 6799 |
| 650 24 - SUBJECT ADDED ENTRY--TOPICAL TERM | |
| Topical term or geographic name entry element | Sistema de división internacional |
| 9 (RLIN) | 6800 |
| 650 24 - SUBJECT ADDED ENTRY--TOPICAL TERM | |
| Topical term or geographic name entry element | Proceso de industrialización |
| 9 (RLIN) | 6801 |
| 700 1# - ADDED ENTRY--PERSONAL NAME | |
| Personal name | Gimpel Smith, Angelica, |
| Relator term | traductora |
| 9 (RLIN) | 6802 |
| 700 1# - ADDED ENTRY--PERSONAL NAME | |
| Personal name | Mastrangelo, Stella, |
| Relator term | traductora |
| 9 (RLIN) | 6803 |
| 942 ## - ADDED ENTRY ELEMENTS (KOHA) | |
| Source of classification or shelving scheme | Dewey Decimal Classification |
| Koha item type | Books |
| Withdrawn status | Lost status | Source of classification or shelving scheme | Materials specified (bound volume or other part) | Damaged status | Not for loan | Home library | Current library | Shelving location | Date acquired | Source of acquisition | Total Checkouts | Full call number | Barcode | Date last seen | Date last checked out | Copy number | Price effective from | Koha item type |
|---|---|---|---|---|---|---|---|---|---|---|---|---|---|---|---|---|---|---|
| Dewey Decimal Classification | Donación--12/04/2018-- | Biblioteca Pública José María del Castillo y Rada | Biblioteca Pública José María del Castillo y Rada | General Stacks | 11/28/2019 | Donación | 1 | 330.98 / F992e | 201811470 | 11/08/2024 | 11/07/2024 | Ej.1 | 11/28/2019 | Books |